Which City? #Oceania - Statistics

General Stats
  • This quiz has been taken 10 times
  • The average score is 14 of 16
Answer Stats
Picture Answer % Correct
Auckland
100%
Brisbane
100%
Christchurch
100%
Melbourne
100%
Perth
100%
Sydney
100%
Wellington
100%
Honiara
88%
Port Moresby
88%
South Tarawa
88%
Apia
75%
Darwin
75%
Funafuti
75%
Nuku'alofa
63%
Majuro
50%
Port Vila
50%
No matching quizzes found
Score Distribution
Percent of People with Each Score
Percentile by Number Answered
Your Score History
You have not taken this quiz